00522nam a2200193 a 4500001001300000003000900013005001700022008004100039020002300080082001700103100002100120245003400141260004800175300000800223500003500231505001800266650002300284700002100307nice12345678IN_TiNIC20260116014315.0070412s2006 newa grp 000 0 eng  a8183700497 c35000a291.042bKAM aKamei, Gangmumei aEssays on Primordial Religion aNew Delhi bAkansha Publishing House c2006 a88p aincludes index and biblioraphy2 abiblio, index aReligion-Primitive1 aKamei, Gangmumei